000 00493nam a2200181 a 4500
001 1770453311791
003 YourLibrary
005 20260207140841.0
008 260207s1996##################000#0#eng##
020 _a9781858981123
082 0 4 _a333.33822
_bFIS
100 1 _aFischer, Manfred M.,
_eauthor.
245 1 0 _aRegional Housing and Labour Markets :
260 _bEdward Elgar Publishing,
_c1996.
650 0 _aHousing.
942 _cENGLISH
040 _aYourLibrary
_beng
_cYourLibrary
999 _c610947
_d610947